東京周辺の大学ロゴクイズ - Statistics

General Stats
  • This quiz has been taken 167 times
  • The average score is 8 of 16
Answer Stats
Picture Answer % Correct
中央大学
96%
東京大学
83%
明治大学
77%
日本大学
74%
早稲田大学
72%
慶應義塾大学
70%
上智大学
69%
法政大学
68%
國學院大學
34%
専修大学
30%
一橋大学
29%
東京都立大学
24%
順天堂大学
17%
立正大学
13%
駒澤大学
13%
お茶の水女子大学
5%
No matching quizzes found
Score Distribution
Percent of People with Each Score
Percentile by Number Answered
Your Score History
You have not taken this quiz